Zodpovednosť za škodu v obchodnom práve

Saved in:
Bibliographic Details
Main Author: Mitterpachová, Jana
Format: Book
Language:Slovak
Published: Bratislava Wolters Kluwer 2015
Subjects:
Tags: Add Tag
No Tags, Be the first to tag this record!

MARC

LEADER 00000nam a2200000 4500
001 0204648
005 20240314094701.9
020 |a 978-80-8168-177-6 
041 0 |a slo 
044 |a SK 
245 1 0 |a Zodpovednosť za škodu v obchodnom práve  |c Jana Mitterpachová 
264 1 |a Bratislava  |b Wolters Kluwer  |c 2015 
300 |a 253 s. 
610 2 0 |a zodpovednosť za škody 
610 2 0 |a zodpovednosť právna 
610 2 0 |a právo obchodné 
610 2 0 |a právo občianske 
610 2 0 |a vzťahy obchodné 
610 2 0 |a vzťahy právne 
610 2 0 |a právo európske 
610 2 0 |a Európska únia 
610 2 0 |a právo medzinárodné 
610 2 0 |a systémy právne 
100 1 |a Mitterpachová, Jana